000 00695nam a2200217 a 4500
001 000044838
005 20240412074304.0
008 150114s2014 dr 000 0 spa d
020 _a9789945589016
040 _aDO-SdBNP
_bspa
_cBNPHU
082 _aRD861.44
_bL864L
100 1 _aLópez Azuán, Virgilio,
_d1959-
_964493
245 1 0 _aLadran los huesos /
_cVirgilio López Azuán.
260 _aSanto Domingo :
_bSantuario,
_c2014.
300 _a129 p. ;
_c23 cm.
500 _aIncluye datos biográficos del autor en las solapas
590 _aInventariado, 2018/LP
650 0 _aPoesía dominicana
_966
650 0 _aLiteratura dominicana.
_967
910 _aValidado. Control de calidad MFF
999 _c44327
_d44327